000 00638nam a22001817a 4500
005 20231201125011.0
010 _aENG-138537
020 _a9789381574003
_c300.00
035 _aEN-1122069
037 _bDBAD/PUB
082 _a301.35095414
100 _aMukherjee, Ramkrishna
_959316
245 _aThe Dynamics of a Rural Society:
_bA Study of the Economics Structure in Bengal Village/
_cby Ramkrishna Mukherjee
260 _aKolkata
_bProfessor Mihir Kumar Chakrabarti, Gerneral Secretary
_c2012
270 _bKolkata
_a1 Park street
_e700 016
300 _a134p.;
_c25cm(pbk)
942 _2ddc
_cEN
_h301.35095414
_mMUK
999 _c199377
_d199377